000 00943nas a2200241 454500
001 30540
005 20260407193508.0
008 260407s1988####ag###########|||spa#d
003 AR-UNSa-BCEJYS
040 _aAR-UNSa-BCEJYS
_bspa
_cAR-UNSa-BCEJYS
080 _a34
_xDerecho
245 1 0 _aRevista de la Asociación de Magistrados y Funcionarios de la Justicia Nacional
264 1 _aBuenos Aires :
_bAsociación de Magistrados y Funcionarios de la Justicia Nacional
_c1988
310 _aFrecuencia: Mensual
041 _aspa
942 _cSER
590 _aniveau_biblio:s niveau_hierar:1
100 1 _aAsociación de Magistrados y Funcionarios de la Justicia Nacional
700 1 _aHighton de Nolasco, Elena I.
650 _aDerecho
650 _aDOCTRINA
856 4 1 _uhttps://biblioeco.unsa.edu.ar/pmb/images/revistas/Revista de la asociacion de magistrados y funcionarios de la justicia nacional-r14762.jpg
_yImagen de portada
_qimage/jpeg
999 _c8696
_d8696